<?xml version="1.0" encoding="UTF-8"?>
<record
    xmlns:xsi="http://www.w3.org/2001/XMLSchema-instance"
    xsi:schemaLocation="http://www.loc.gov/MARC21/slim http://www.loc.gov/standards/marcxml/schema/MARC21slim.xsd"
    xmlns="http://www.loc.gov/MARC21/slim">

  <leader>00374    a2200157   4500</leader>
  <controlfield tag="005">20260225142623.0</controlfield>
  <datafield tag="020" ind1=" " ind2=" ">
    <subfield code="a">978-9354600968</subfield>
  </datafield>
  <datafield tag="040" ind1=" " ind2=" ">
    <subfield code="b">Eng</subfield>
  </datafield>
  <datafield tag="082" ind1=" " ind2=" ">
    <subfield code="a">621.311 KOT</subfield>
  </datafield>
  <datafield tag="100" ind1=" " ind2=" ">
    <subfield code="a">D P Kothari, I J  Nagrath. </subfield>
    <subfield code="9">3925</subfield>
  </datafield>
  <datafield tag="245" ind1=" " ind2=" ">
    <subfield code="a">Modern Power System Analysis</subfield>
  </datafield>
  <datafield tag="250" ind1=" " ind2=" ">
    <subfield code="a">5th ed.</subfield>
  </datafield>
  <datafield tag="260" ind1=" " ind2=" ">
    <subfield code="a">Chennai:</subfield>
    <subfield code="b">Mc Graw Hill,</subfield>
    <subfield code="c">2022.</subfield>
  </datafield>
  <datafield tag="300" ind1=" " ind2=" ">
    <subfield code="a">xxvi, 849p;</subfield>
  </datafield>
  <datafield tag="942" ind1=" " ind2=" ">
    <subfield code="c">BK</subfield>
  </datafield>
  <datafield tag="999" ind1=" " ind2=" ">
    <subfield code="c">5569</subfield>
    <subfield code="d">5564</subfield>
  </datafield>
  <datafield tag="952" ind1=" " ind2=" ">
    <subfield code="0">0</subfield>
    <subfield code="1">0</subfield>
    <subfield code="2">udc</subfield>
    <subfield code="4">0</subfield>
    <subfield code="7">0</subfield>
    <subfield code="C">25/02/2025</subfield>
    <subfield code="D">TBH Book Suppler</subfield>
    <subfield code="E">PO.No.IIITDM/2025-26/LIB/BKS/39</subfield>
    <subfield code="G">SINV00798</subfield>
    <subfield code="H">24/02/2026</subfield>
    <subfield code="J">975</subfield>
    <subfield code="a">IIITDM</subfield>
    <subfield code="b">IIITDM</subfield>
    <subfield code="c">GEN</subfield>
    <subfield code="d">2026-02-25</subfield>
    <subfield code="l">1</subfield>
    <subfield code="m">1</subfield>
    <subfield code="o">621.311 KOT</subfield>
    <subfield code="p">0008197</subfield>
    <subfield code="r">2026-04-21 12:22:07</subfield>
    <subfield code="s">2026-02-27</subfield>
    <subfield code="w">2026-02-25</subfield>
    <subfield code="y">BK</subfield>
    <subfield code="z">ECE</subfield>
  </datafield>
  <datafield tag="952" ind1=" " ind2=" ">
    <subfield code="0">0</subfield>
    <subfield code="1">0</subfield>
    <subfield code="2">udc</subfield>
    <subfield code="4">0</subfield>
    <subfield code="7">0</subfield>
    <subfield code="C">25/02/2025</subfield>
    <subfield code="D">TBH Book Suppler</subfield>
    <subfield code="E">PO.No.IIITDM/2025-26/LIB/BKS/39</subfield>
    <subfield code="G">SINV00798</subfield>
    <subfield code="H">24/02/2026</subfield>
    <subfield code="J">975</subfield>
    <subfield code="a">IIITDM</subfield>
    <subfield code="b">IIITDM</subfield>
    <subfield code="c">GEN</subfield>
    <subfield code="d">2026-02-25</subfield>
    <subfield code="l">0</subfield>
    <subfield code="o">621.311 KOT</subfield>
    <subfield code="p">0008198</subfield>
    <subfield code="r">2026-02-25 14:28:11</subfield>
    <subfield code="w">2026-02-25</subfield>
    <subfield code="y">BK</subfield>
    <subfield code="z">ECE</subfield>
  </datafield>
</record>
